000 03129nam a2200373 i 4500
001 000037942
003 DO-SdBNP
005 20260317134643.0
007 ta
008 130311s1996 dr 000 0 spa d
020 _a8484002020
040 _aDO-SdBNP
_bspa
_cBNPHU
_erda
041 _aspa
082 4 _a338.97293
_bG892a
_222
110 2 _aGrupo de Acción por la Democracia (República Dominicana)
_983407
245 1 0 _aAgenda nacional de desarrollo
264 4 _aSanto Domingo, República Dominicana :
_bPontificia Universidad Católica Madre y Maestra (PUCMM) ;
_c©1996.
300 _avolumen ;
_c21 cm.
336 _atexto
_btxt
_2rdacontent
337 _asin mediación
_bn
_2rdamedia
338 _avolumen
_bnc
_2rdacarrier
505 _aPrioridades principales del gran encuentro--
_tLucha contra la pobreza, enfatizando la generación de empleo --
_tSuministro de energía eléctrica estable, suficiente y a costo razonable --
_tMejoramiento de la educación, en calidad y cantidad, mediante el aumento del gasto público en educación --
_tMejoramiento del sistema de salud, estableciendo un marco jurídico adecuado y un plan básico de salud para todos --
_tFocalizar la construcción pública de viviendas en los sectores más pobres, mientras el Estado promueve y regula la de otros grupos --
_tPromover, a corto y mediano plazos, la incorporación de la población asalariada en un régimen de seguridad social que, a largo plazo, cubra roda la población --
_tModernización del Estado, enfatizando la eficiencia y racionalidad de la administración pública, la gobernabilidad y rendición de cuentas --
_tImplantar un estado de derecho que asegure la justicia, el cumplimiento de las leyes y el control del ejercicio del poder --
_tProfundizar la democracia a través de la participación, la descentralización y un mejor sistema de representación política en el Estado v.1 77 Fomentar y proteger los recursos naturales, forestales y costeros --
_tREorientación del gasto público --
_tModelo económico, economía estable, incentivos - ahorros
_tEquidad de género --
_tCrecimiento urbano, saneamiento básico y medio ambiente --
_tComercio exterior --
_tAgricultura de campesions pobres --
_tMenores en circunstancias especialmente difíciles --
_tPrevisión social para la vejez -- La pobreza --
_tDesigualdad --
_tDesempleo --
_tEmigración y remesas--
_tPolíticas: consideraciones generales--
_tAlgunas políticas recomendadas para la generación de empleo
590 _aInventariado, 2023/BT
650 4 _aDesarrollo de la comunidad
_92533
650 4 _aDesarrollo social
_zRepública Dominicana
_97783
650 7 _aMercado de trabajo
_vCongresos, conferencias, etc.
_zRepública Dominicana
_2LIBRUNAM
_919058
650 4 _aPobreza
_zRepública Dominicana
_92079
651 4 _aRepública Dominicana
_xCondiciones económicas
_9281
651 4 _aRepública Dominicana
_xPolítica económica
_9643
651 4 _aRepública Dominicana
_xEmigración e inmigración
_9290
710 2 _aPontificia Universidad Católica Madre y Maestra
_9843
910 _aBT/Validado. Control de calidad MFF
942 _2ddc
_cLBS1
999 _c37432
_d37432